000 00682nam a2200241Ia 4500
005 20260121112757.0
008 8715 260114s9999 xx 000 0 eng d
020 _a9789812791276
037 _aEBOOK
040 _aCRL
_beng
_cCRL
041 _aeng
_2eng
084 _qCRL
100 _aKajino Taka Et Al
_9963053
245 0 _aOrigin of Matter and Evolution of Galaxies 2000, Proceedings of the International Symposium
260 _bWorld Scientific
260 _bWSPC
260 _c2003
650 _aPhysics
_9963054
856 _uhttps://www.worldscientific.com/worldscibooks/10.1142/5207#t=toc
942 _cEBOOK
999 _c1546015
_d1546015